|
|
|
|
| LEADER |
01646nam a22003734a 4500 |
| 001 |
30844 |
| 003 |
BD-DhAAL |
| 005 |
20230108111826.0 |
| 008 |
160209s2002 dcua b i001 0 eng |
| 010 |
|
|
|a 2002031121
|
| 020 |
|
|
|a 9780821352038
|
| 020 |
|
|
|a 0821352032
|
| 040 |
|
|
|a DLC
|c DLC
|d DLC
|d DLC
|d BD-DhAAL
|
| 082 |
0 |
0 |
|a 338.9
|2 21
|
| 245 |
0 |
4 |
|a The right to tell :
|b the role of mass media in economic development /
|
| 264 |
|
|
|a Washington, D.C. :
|b World Bank,
|c c2002.
|
| 300 |
|
|
|a ix, 322 pages :
|b illustrations ;
|c 26 cm.
|
| 490 |
|
|
|a WBI development studies
|
| 500 |
|
|
|a Prepared by a team led by Roumeen Islam.
|
| 500 |
|
|
|a "A continuation of the work carried out for the World development report 2002: Building institutions for markets"--P. vi.
|
| 504 |
|
|
|a Includes bibliographical references and index.
|
| 526 |
|
|
|a Jaatri
|
| 541 |
|
|
|a Donated by Akbar Ali Khan
|e 30844, 40436
|
| 650 |
|
0 |
|a Communication in economic development.
|9 17930
|
| 650 |
|
0 |
|a Mass media
|x Economic aspects.
|9 17931
|
| 650 |
|
0 |
|a Economic development
|x Information services.
|9 17932
|
| 700 |
1 |
|
|a Islam, Roumeen.
|9 17933
|
| 710 |
|
|
|a The World Bank
|
| 730 |
0 |
|
|a Building institutions for markets.
|9 17934
|
| 830 |
|
|
|a WBI development studies
|9 15414
|
| 942 |
|
|
|2 ddc
|c BK
|
| 999 |
|
|
|c 36831
|d 36831
|
| 952 |
|
|
|0 0
|1 0
|2 ddc
|4 0
|6 338_900000000000000_RIG
|7 0
|9 57964
|a BRACUL
|b BRACUL
|c GEN
|d 2016-02-09
|e Jaatri
|l 1
|o 338.9 RIG
|p 3010030844
|r 2020-03-10
|s 2020-03-04
|t 1
|w 2016-02-09
|y BK
|
| 952 |
|
|
|0 0
|1 0
|2 ddc
|4 0
|6 338_900000000000000_RIG
|7 1
|9 72799
|a BRACUL
|b BRACUL
|c AAKC
|d 2023-01-08
|e Donated by Akbar Ali Khan
|l 0
|o 338.9 RIG
|p 3010040436
|r 2023-01-08
|t 2
|w 2023-01-08
|y BK
|